000
00340nam a2200133 a 4500
005
20141022141958.0
008
120306s19uu xx 00 eng d
050
_a
CD
_b
Ir8 2003
100
_a
Irvine, Kip R.
245
_a
Assembly language for Intel-based computers /
_c
Kip Irvine.
250
_a
4th ed.
260
_c
2003.
942
_c
AVM
999
_c
276095
_d
276095